Digitação Rápida - 1 a 100 - Statistics

Estatísticas Gerais
  • Esse quiz foi jogado 765 vezes
  • A pontuação média é 67 de 100
Estatísticas das Respostas
# % Correto
1
100%
2
99%
3
98%
4
98%
5
98%
6
97%
7
97%
8
97%
9
97%
10
93%
12
93%
11
91%
13
91%
14
91%
15
90%
16
90%
18
90%
17
89%
19
89%
20
89%
21
89%
23
89%
22
87%
24
87%
25
87%
26
86%
27
85%
28
85%
30
85%
29
84%
32
84%
31
83%
33
83%
34
81%
40
81%
44
81%
35
80%
36
80%
37
80%
39
80%
41
80%
43
80%
45
80%
38
79%
42
78%
47
77%
46
76%
48
76%
50
76%
49
75%
51
73%
53
72%
54
72%
55
72%
52
71%
56
70%
57
68%
58
67%
60
66%
59
65%
61
63%
62
61%
63
60%
65
60%
66
60%
64
58%
67
57%
68
56%
70
56%
69
55%
71
54%
72
51%
73
49%
74
48%
77
48%
75
47%
76
46%
78
44%
80
43%
81
42%
82
41%
79
40%
83
39%
84
37%
85
36%
88
36%
90
36%
87
35%
86
33%
91
33%
89
32%
92
32%
93
32%
95
30%
99
30%
94
29%
96
28%
100
27%
98
27%
97
26%
Nenhum quiz correspondente encontrado
Distribuição das Pontuações
Porcentagem de Pessoas com Cada Pontuação
Percentil de Números Respondidos
Sua Pontuação Histórica
Você não jogou esse quiz